LEADER 01321nam 2200397Ia 450 001 9910467935803321 005 20200520144314.0 010 $a1-60876-277-7 035 $a(CKB)4940000000585652 035 $a(MiAaPQ)EBC3018365 035 $a(Au-PeEL)EBL3018365 035 $a(CaPaEBR)ebr10660226 035 $a(OCoLC)844345103 035 $a(EXLCZ)994940000000585652 100 $a20080523d2008 uy 0 101 0 $aeng 135 $aurcn||||||||| 200 00$aPsychological factors and cardiovascular disorders$b[electronic resource] $ethe role of psychiatric pathology and maladaptive personality features /$fLeo Sher, editor 210 $aNew York $cNova Science Publishers$dc2008 215 $avii, 365 p. $cill 311 $a1-60456-871-2 320 $aIncludes bibliographical references and index. 606 $aCardiovascular system$xDiseases$xPsychosomatic aspects 606 $aPsychiatry 608 $aElectronic books. 615 0$aCardiovascular system$xDiseases$xPsychosomatic aspects. 615 0$aPsychiatry. 676 $a616.1001/9 701 $aSher$b Leo$0869680 801 0$bMiAaPQ 801 1$bMiAaPQ 801 2$bMiAaPQ 906 $aBOOK 912 $a9910467935803321 996 $aPsychological factors and cardiovascular disorders$91941655 997 $aUNINA